AU LIBRARIES
Centralized Library System Across Seven Campuses

Experiments and Demonstrations in Physics : (Record no. 12586)

MARC details
000 -LEADER
fixed length control field 00591nam a2200205Ia 4500
005 - DATE AND TIME OF LATEST TRANSACTION
control field 20260511200433.0
008 - FIXED-LENGTH DATA ELEMENTS--GENERAL INFORMATION
fixed length control field 260511s9999 xx 000 0 und d
020 ## - INTERNATIONAL STANDARD BOOK NUMBER
ISBN 9789814434898 9789812774545
082 ## - DEWEY DECIMAL CLASSIFICATION NUMBER
Classification number 509.2
100 ## - MAIN ENTRY--AUTHOR
Author Name Kraftmakher,Yaakov
245 #0 - TITLE STATEMENT
Title Experiments and Demonstrations in Physics :
Sub-Title Bar-Ilan Physics Laboratory.
260 ## - PUBLICATION, DISTRIBUTION, ETC.
Name of publisher, distributor, etc. World Scientific
Place of Publication 2015.
Date of publication, distribution, etc. Singapore
300 ## - PHYSICAL DESCRIPTION
Pages 784 p.
650 ## - SUBJECT ADDED ENTRY--TOPICAL TERM
Subject / Department Computer Science
650 ## - SUBJECT ADDED ENTRY--TOPICAL TERM
Subject / Department Creative Technology
650 ## - SUBJECT ADDED ENTRY--TOPICAL TERM
Subject / Department Cybersecurity
650 ## - SUBJECT ADDED ENTRY--TOPICAL TERM
Subject / Department Games Development
650 ## - SUBJECT ADDED ENTRY--TOPICAL TERM
Subject / Department Software Engineering
942 ## - ADDED ENTRY ELEMENTS (KOHA)
Koha item type Book
Holdings
Withdrawn status Lost status Damaged status Not for loan Permanent Location Current Location Date acquired Source of acquisition Price Inventory number Full Call Number Accession No./Barcode Koha item type
        Air University Central Library Islamabad Air University Central Library Islamabad 12/21/2018 Afzal Rauf Agency 11039.00 002661/cs 509.2 K85E P12857 Book
Air University Sector E-9, Islamabad Pakistan
Email: librarian@au.edu.pk  Tel : +0092 51 9262612 Ext: 631